UBT Library

Managing the veterinary cancer patient : (Record no. 43536)

000 -LEADER
fixed length control field 00821nam a2200253 a 4500
001 - CONTROL NUMBER
control field 1127436
005 - DATE AND TIME OF LATEST TRANSACTION
control field 20180227033241.0
008 - FIXED-LENGTH DATA ELEMENTS--GENERAL INFORMATION
fixed length control field 941116s1995 nju b 001 0 eng d
010 ## - LIBRARY OF CONGRESS CONTROL NUMBER
LC control number 94061975
020 ## - INTERNATIONAL STANDARD BOOK NUMBER
International Standard Book Number 1884254209
035 ## - SYSTEM CONTROL NUMBER
System control number (OCoLC)31997095
040 ## - CATALOGING SOURCE
Original cataloging agency MMeT
Transcribing agency MMeT
Modifying agency KMK
-- DLC
041 ## - LANGUAGE CODE
Language code of text/sound track or separate title eng
042 ## - AUTHENTICATION CODE
Authentication code lccopycat
080 ## - UNIVERSAL DECIMAL CLASSIFICATION NUMBER
Universal Decimal Classification number 616.8006
082 ## - DEWEY DECIMAL CLASSIFICATION NUMBER
Edition number 616.8006 OGI
100 1# - Rafti
Rafti 6
101 ## - Shkurtesa
Shkurtesa KAN
245 10 - TITLE STATEMENT
Title Managing the veterinary cancer patient :
Statement of responsibility, etc Gregory K. Ogilvie, Antony S. Moore.
504 ## - BIBLIOGRAPHY, ETC. NOTE
Bibliography, etc Includes bibliographical references and index.
906 ## - LOCAL DATA ELEMENT F, LDF (RLIN)
a 7
b cbc
c copycat
d 2
e opcn
f 19
g y-gencatlg
942 ## - ADDED ENTRY ELEMENTS (KOHA)
Source of classification or shelving scheme
Item type Books
Holdings
Withdrawn status Lost status Source of classification or shelving scheme Damaged status Not for loan Collection code Permanent location Current location Shelving location Date acquired Total Checkouts Full call number Barcode Date last seen Price effective from Koha item type
          Koleksioni i përgjithshem UBT - Lipjan UBT - Lipjan Koleksioni i lëndeve mesimore 02/27/2018   616.8006 OGI 002-3000161 02/27/2018 02/27/2018 Books
UBT Library © 2015-2024. All rights reserved University Education for Business and Technology